Statistics for Positions by Ariana Grande Tracklist

Click here to take the quiz!

General Stats

  • This quiz has been taken 81 times
  • The average score is 14 of 18

Answer Stats

Track #Answer% Correct
234+35
98%
12positions
92%
14pov
90%
5off the table (feat. The Weeknd)
85%
1shut up
85%
8my hair
83%
7safety net (feat. Ty Dolla $ign)
83%
9nasty
81%
4just like magic
80%
18main thing
75%
6six thirty
75%
13obvious
73%
10west side
73%
11love language
71%
16test drive
69%
15someone like u (interlude)
68%
17worst behavior
64%
3motive (feat. Doja Cat)
49%

Score Distribution

Percentile by Number Answered

Percent of People with Each Score

Your Score History

You have not taken this quiz